LEADER 02115nam a2200253 i 4500 001 000000033119 003 CaOOAMICUS 005 20220329113801.0 008 180830s1677 sz u000 u lat u 040 $aSeMil$bita 100 1 $aHofmann, Johann Jakob.$0(OLS)http://semarc/name/3274 245 10$aLexicon universale historico-geographico-chronologico-poetico-philologicum. Continens historiam omnis aevi, geographiam omnium locorum, genealogiam principum familiarum ... cum indicibus variis, rerum imprimis locupletissimo ... opera et studio Ioh. Iacobi Hofmanni ... Tomus prior [-alter]. 264 1$aBasileae :$bTypis Jacobi Bertschii & Joh. Rodolphi Genathii : Impensis Iohan. Herman. Widerhold, bibliop. Genevensis,$c1677. 300 $a2 v. ;$cfol. 500 $aIniz., fregi xilogr. - Cors. ; gr. ; rom. 700 1 $aGenath, Johann Rudolf,$c.$0(OLS)http://semarc/name/15217 700 1 $aBertsche, Hans Jakob,$c.$0(OLS)http://semarc/name/3276 700 1 $aWiderhold, Johann Hermann,$c.$0(OLS)http://semarc/name/3275 774 0 $tTomus prior.$g1$w()208975 774 0 $tTomus alter.$g2$w()248817 785 00$aHofmann, Johann Jakob$tLexici universalis historico-geographico-chronologico-poetico-philologici continuatio. Praeter addenda comprehendens historiam animalium, plantarum, lapidum, metallorum ... opera et studio Ioh. Iacobi Hofmanni, ... Tomus 1. [-3.].$dBasileae : Typis Jacobi Bertschii : Impensis Iohan. Herman. Widerhold, bibliop. Genevensis, 1683.$w()6079 996 $6245$aLexicon universale historico-geographico-chronologico-poetico-philologicum. Continens historiam omnis aevi, geographiam omnium locorum, genealogiam principum familiarum ... cum indicibus variis, rerum imprimis locupletissimo ... opera et studio Ioh. Iacobi Hofmanni ... Tomus prior [-alter]$9(OLS)http://semarc/title/44837 996 $6264$aBasileae :$bTypis Jacobi Bertschii & Joh. Rodolphi Genathii : Impensis Iohan. Herman. Widerhold, bibliop. Genevensis$9(OLS)http://semarc/publisher/39516 LEADER 01156nam a2200265 i 4500 001 000000220796 003 CaOOAMICUS 005 20130603000000.0 008 130603s2013 it u000 u mul u 013 $a199693 020 $a978-88-215-7805-2 040 $aSeMil$bita 245 10$aCronache /$cintroduzione, traduzione e commento a cura di Claudio Balzaretti. 260 $aCinisello Balsamo :$bSan Paolo,$c2013. 300 $a433 p. ;$c22 cm. 490 0 $aNuova versione della Bibbia dai testi antichi ;$v28. 650 4$aBibbia. Antico Testamento. 1-2 Cronache.$0(OLS)http://semarc/subject/13553 700 1 $aBalzaretti, Claudio,$d<1956- >.$0(OLS)http://semarc/name/37719 830 0$aNuova versione della Bibbia dai testi antichi ;$v28.$0(OLS)http://semarc/title/32532 850 $aSeMil 852 $aSeMil$W1$xVenegono$y1$m2XA E 28$j230491$B171150$CSeMilBibl$Z2$F181703 $81 961 $aSottoscrizione: San Paolo (Agente) 996 $6020$a978-88-215-7805-2$9(OLS)http://semarc/number/219448 996 $6245$aCronache$9(OLS)http://semarc/title/252821 996 $6260$aCinisello Balsamo :$bSan Paolo$9(OLS)http://semarc/publisher/30129